000 00725nam a2200205 i 4500
001 95834
003 ES-MaACL
005 20251017063056.0
007 t|
008 050606s1959 sp ||||1| spa d
100 1 _aMacabich Llobet, Isidoro,
_d1883-1973
_975047
245 1 0 _aHistoria de Ibiza. T. IX Corso
_b: (apéndices) /
_cpor Isidoro Macabich Llobet.
260 _aPalma de Mallorca :
_b[s.n.],
_c1959 (
_fImp. Alfa)
300 _a209 p., 3 h., lám. XVIII ;
_c25 cm.
500 _aPrecede al tít.: Casa de Ibiza. Palma de Mallorca.
651 4 _aIbiza (Isla)-
_xHistoria.
_9168491
710 2 _aCasa de Ibiza (Palma de Mallorca)
_92472
852 _aES-MaACL
_jC-17408
_bR.42801
999 _c95834
_d95834